[Event "NZL-ch Major op"]
[Site "Auckland"]
[Date "2011.01.06"]
[Round "5"]
[White "Wu, Eric"]
[Black "Cater, James Use"]
[Result "1-0"]
[WhiteElo "1624"]
[BlackElo "1792"]
[PlyCount "129"]
[EventDate "2011.01.02"]
[EventType "swiss"]
[EventRounds "11"]
[EventCountry "NZL"]
[SourceTitle "EXT 2018"]
[Source "ChessBase"]
[SourceDate "2017.10.13"]
[SourceVersion "1"]
[SourceVersionDate "2017.10.13"]
[SourceQuality "1"]

1. e4 e5 2. Nf3 Nc6 3. Bc4 Nf6 4. Ng5 d5 5. exd5 b5 6. Bxb5 Qxd5 7. Nc3 Qc5 8. Qf3 Bb7 9. b4 Qd6 10. Bc4 Nd8 11. Nxf7 Bxf3 12. Nxd6+ Bxd6 13. gxf3 Bxb4 14. Nd5 Nxd5 15. Bxd5 c6 16. Be4 Rc8 17. c3 Ba5 18. Rb1 0-0 19. Ba3 Rf7 20. Rg1 Bc7 21. Rg5 Ne6 22. Rg1 Bb6 23. Bb4 Nc5 24. Bxc5 Bxc5 25. Rg5 Re7 26. a4 Bb6 27. Rb4 g6 28. h4 Bd8 29. Rg4 a5 30. Rc4 c5 31. h5 Rg7 32. hxg6 h5 33. Rg2 h4 34. d4 exd4 35. cxd4 Bb6 36. dxc5 Bxc5 37. Ke2 Rgc7 38. Rg5 Be7 39. Rxc7 Rxc7 40. Rxa5 Bc5 41. f4 h3 42. Kf3 Bb6 43. Rh5 Rc3+ 44. Kg4 Bxf2 45. Rxh3 Rc1 46. Ra3 Rg1+ 47. Kf5 Kg7 48. Ke6 Re1 49. Kd5 Rd1+ 50. Rd3 Ra1 51. Rf3 Ra2 52. f5 Bh4 53. Rh3 Bd8 54. Rh7+ Kg8 55. Ra7 Bb6 56. Ra6 Rd2+ 57. Kc6 Bd4 58. a5 Kg7 59. Ra8 Re2 60. Bd5 Rc2+ 61. Kd7 Be5 62. a6 Rc7+ 63. Ke6 Bd4 64. Kd6 Bb6 65. Rb8 1-0